|
|
|
|
| LEADER |
00000cas a2200000 a 4500 |
| 001 |
vtls010302061 |
| 003 |
SK-MaSNL |
| 005 |
20260310142744.0 |
| 008 |
110810d19461948xo qr p 0 b0slo |
| 040 |
|
|
|a SNK
|b slo
|c SNK
|e AACR2
|
| 041 |
0 |
|
|a slo
|
| 044 |
|
|
|a xo
|c SK
|
| 072 |
|
7 |
|a 5
|x Prírodné vedy. Matematické vedy
|2 konspekt
|
| 080 |
|
|
|a 57
|2 2001
|
| 080 |
|
|
|a 58
|2 2001
|
| 080 |
|
|
|a 59
|2 2001
|
| 080 |
|
|
|a (051)-027.561
|2 2011
|
| 245 |
0 |
0 |
|a Prírodovedný sborník
|b časopis Prírodovedného odboru MS
|
| 260 |
|
|
|a Martin
|b Matica slovenská
|c 1946-1948
|
| 300 |
|
|
|a 3 zv.
|c 24 cm
|
| 310 |
|
|
|a 4x ročne
|b 1/I 1946-4/III 1948
|
| 362 |
0 |
|
|a Roč. I, č. 1 (1946)-roč. III, č. 4 (1948)
|
| 500 |
|
|
|a Zodp. red. O. Ferianc
|
| 500 |
|
|
|a Vyd. Matica slovenská v Martine
|
| 580 |
|
|
|a Roč. IV a V pokračoval ako ročenka pod názvom Prírodovedný sborník Slovenskej akadémie vied a umení
|
| 650 |
0 |
7 |
|a zoológia
|2 SNKPH
|9 699
|
| 650 |
0 |
7 |
|a biológia
|2 SNKPH
|9 689
|
| 650 |
0 |
7 |
|a botanika
|2 SNKPH
|9 688
|
| 655 |
|
7 |
|a odborné časopisy
|2 SNKPH
|9 70505
|
| 700 |
1 |
|
|a Ferianc, Oskár,
|d 1905-1987
|4 pbd
|4 red
|9 92182
|
| 785 |
0 |
0 |
|t Prírodovedný sborník Slovenskej akadémie vied a umení
|x 0231-9845
|w vtls010302062
|
| 910 |
|
|
|a snk
|
| 916 |
|
|
|a 1946-1948
|
| 999 |
|
|
|c 8403
|d 10333
|
| 952 |
|
|
|a SNK
|b SNK
|y PREZ
|7 0
|p 17A0597532
|o snkČSC 445/1/1946 D2
|i snkF 2287/64
|0 0
|1 0
|4 0
|d 2008-10-03
|l 0
|r 2026-02-21 20:49:43
|w 2026-02-21
|
| 952 |
|
|
|t č. 1-4
|a SNK
|b SNK
|y PREZ
|7 0
|p 17A0163804
|o snkČSC 445/1/1946
|i snk1429/47
|f 1
|0 0
|1 0
|4 0
|d 1998-10-02
|l 0
|r 2005-01-02 00:00:00
|w 2026-02-21
|
| 952 |
|
|
|a SNK
|b SNK
|y PREZ
|7 0
|p 17A0433510
|o snkČSC 445/1/1946 D1
|i snkF 2286/64
|0 0
|1 0
|4 0
|d 2004-07-15
|l 0
|r 2005-01-02 00:00:00
|w 2026-02-21
|
| 952 |
|
|
|t č. 1-4
|a SNK
|b SNK
|y PREZ
|7 0
|p 17A0163805
|o snkČSC 445/3/1948
|i snk464/49
|f 1
|0 0
|1 0
|4 0
|d 1998-10-02
|l 0
|r 2005-01-02 00:00:00
|w 2026-02-21
|
| 952 |
|
|
|a SNK
|b SNK
|y PREZ
|7 0
|p 17A0175514
|o snkČSC 445/3/1948 D2
|0 0
|1 0
|4 0
|d 1999-01-08
|l 0
|r 2005-01-02 00:00:00
|w 2026-02-21
|
| 952 |
|
|
|t č. 1-4
|a SNK
|b SNK
|y PREZ
|7 0
|p 17A0163939
|o snkČSC 445/2/1947
|i snk3855/48
|f 1
|0 0
|1 0
|4 0
|d 1998-10-02
|l 0
|r 2005-01-02 00:00:00
|w 2026-02-21
|
| 952 |
|
|
|a SNK
|b SNK
|y PREZ
|7 0
|p 17A0433512
|o snkČSC 445/2/1947 D1
|i snkF 2292/64
|0 0
|1 0
|4 0
|d 2004-07-15
|l 0
|r 2005-01-02 00:00:00
|w 2026-02-21
|